Colorado by Picture - Statistics

General Stats
  • This quiz has been taken 25 times
  • The average score is 11 of 16
Answer Stats
Picture Hint Answer % Correct
Largest city Denver
100%
Singer of "Rocky Mountain High" John Denver
100%
Pro sports team Denver Broncos
96%
T.V. Show set in Colorado South Park
87%
Mountain range The Rockies
87%
Movie filmed in Colorado The Shining
87%
Legalized in 2012 Marijuana
83%
Skiing hotspot Aspen
78%
National park Great Sand Dunes
65%
Condiment sometimes served on pizza Honey
65%
Iconic Ampitheatre Red Rocks
65%
Famous mountain Pikes Peak
57%
Rock formation Garden of the Gods
52%
Actress Amy Adams
35%
Cliff dwellings made by this native group Puebloans
26%
University University of Colorado Boulder
22%
No matching quizzes found
Score Distribution
Percent of People with Each Score
Percentile by Number Answered
Your Score History
You have not taken this quiz